UBT Library

Identiteti Evropian i Kosoves : (Record no. 384)

000 -LEADER
fixed length control field 00546nam a22001817a 4500
008 - FIXED-LENGTH DATA ELEMENTS--GENERAL INFORMATION
fixed length control field 131202b xxu||||| |||| 00| 0 eng d
020 ## - INTERNATIONAL STANDARD BOOK NUMBER
International Standard Book Number 9789951506052
041 0# - LANGUAGE CODE
Language code of text/sound track or separate title alb
080 ## - UNIVERSAL DECIMAL CLASSIFICATION NUMBER
Universal Decimal Classification number 342
Common auxiliary subdivision (496.51)
245 10 - TITLE STATEMENT
Title Identiteti Evropian i Kosoves :
Statement of responsibility, etc Forum 2015.
260 ## -
-- Prishtinë :
-- Forum 2015 ;
-- 2007.
300 ## -
-- 170 f. ;
-- 24 cm.
505 ## -
-- Bibliografia : f. 165
650 #0 -
-- Identiteti
650 #0 -
-- Evropë
650 #0 -
-- Kosova
942 ## - ADDED ENTRY ELEMENTS (KOHA)
Source of classification or shelving scheme
Item type Books
Holdings
Withdrawn status Lost status Source of classification or shelving scheme Damaged status Not for loan Collection code Permanent location Current location Shelving location Date acquired Total Checkouts Full call number Barcode Date last seen Koha item type
          Koleksioni i përgjithshem UBT - Prishtine UBT - Prishtine Koleksioni i përgjithshem 12/02/2013   342 (496.51) IDE 001-000517 12/02/2013 Books
          Koleksioni i përgjithshem UBT - Prishtine UBT - Prishtine Koleksioni i përgjithshem 12/02/2013   342 (496.51) IDE 001-000518 12/02/2013 Books
          Koleksioni i përgjithshem UBT - Prishtine UBT - Prishtine Koleksioni i përgjithshem 12/02/2013   342 (496.51) IDE 001-000519 12/02/2013 Books
UBT Library © 2015-2024. All rights reserved University Education for Business and Technology